000 00637nam a22001937a 4500
999 _c169579
_d169579
005 20191125154929.0
010 _aUR-10615
020 _c300.00
_a9789389002874
035 _aU-9170
037 _bDBAD/PUB
_a-
082 _a840.8
100 _aظفر ا نصا ر ی ظفر
245 _aنۓ مقد مے
_cظفر ا نصا ر ی ظفر
246 _bNaye Muqaddame (Urdu)
_aby Umair Husami
260 _aDelhi
_bEducational Publishing House
_c2019 ء
270 _a3191,Vakil Street, Kucha Pandit,Lal Kuan,
_bDelhi
_e110006
_k01123216162
_l-
300 _a208 ص
_c22 Cm(Hb)
942 _2ddc
_cUR
_h840.8
_mظ ف ر